000 01432nam a2200373 i 4500
001 197025
003 ES-MaACL
005 20250825062709.0
008 250314s2020 sp a | |||| 000 0 spa
015 _aMON20
017 _aGU 19-2020
_bOficina Depósito Legal Guadalajara
020 _a9788418131080
035 _a(OCoLC)1286827548
035 _a(SpMaBN)a6997421
040 _aSpMaBN
_bspa
_cSpMaBN
_erda
080 _a061.251(460.281.2)
100 1 _aMartínez García, Julio,
_d1985-
_9239823
_eaut
245 1 3 _aLa Masonería en Guadalajara :
_bun estudio histórico /
_cJulio Martínez García.
264 1 _aGuadalajara :
_bAACHE Ediciones,
_c2020.
300 _a166 páginas :
_bilustraciones (blanco y negro) ;
_c21 cm.
336 _aTexto
_2rdacontent
337 _asin mediación
_2rdamedia
338 _avolumen
_2rdacarrier
490 1 _aTierra de Guadalajara ;
_v111
504 _aBibliografía: páginas 159-166
610 2 0 _aMasonería-
_zGuadalajara
_9239825
655 7 _2tgfbne
_aLibros ilustrados
_9193653
852 _aES-MaACL
_cDEPOJ
_jN-10404
_gDedicatoria autógrafa del autor
_hDonación: Edén Tejón Pérez
_xEncuaderanción rústica con solapas
_9206525
903 _aTejón Pérez, Edén
_ednr
_9241729
942 _cMONOGRAFIA
_n0
999 _c197025
_d197025